Представление документа в формате RUSMARC

ПолеНазваниеЗначение
  Тип записи a
  Библиографический уровень m
001 Контрольный номер Book/7271
005 Дата корректировки 20230324131639.8
010 Индекс ISBN __
a ISBN 978-5-8243-1133-4
b Уточнения в пер.
9 Тираж 1 000 экз.
d Цена 150 р. 00 к.
090 Данные записи __
b Тип записи Книги
c Язык записи Русский
d Отрасль знаний (КСУ) Другая
e Секретность Несекретно
g Вид записи Монография (однотомник)
100 Данные общей обработки __
a Данные общей обработки 20101115d2013 u u 1rusy ||||ca
101 Язык документа 0_
a Язык текста rus
105 Кодированные данные (монография) __
a Кодированные данные (монография) a z 000yy
200 Заглавие и сведения об ответственности 1_
a Заглавие Избранные труды
f Первые сведения об ответственности Ф. А. Степун
g Последующие сведения об ответственности сост., авт. вступ. ст. и коммент. К. А. Соловьев
210 Выходные данные 1_
a Место издания Москва
c Издательство Российская политическая энциклопедия
d Дата издания 2010
215 Физическое описание __
a Объем 671 с.
225 Серия 1_
a Серия Библиотека отечественной общественной мысли с древнейших времен до начала ХХ века
300 Общие примечания __
a Общие примечания 16+
606 Тематические рубрики 0_
a Основная рубрика История политической мысли России
610 Ключевые слова 0_
a Ключевые слова история; мысль политическая; труды избранные
686 Индексы других классификаций __
a Классификационный индекс 66.1(2)
2 Код системы rubbk
700 Автор _1
a Фамилия Степун
b Имя (инициалы) Ф. А.
g Полное личное имя Федор Августович
801 Источник записи _0
a Страна RU
b Организация МБУК ЦБС г. Ульяновска
c Дата составления 20101115
801 Источник записи _1
a Страна RU
b Организация МБУК ЦБС г. Ульяновска
c Дата составления 20101115
852 Данные о местонахождении __
i Авторский знак С 79
j Шифр хранения 66.1(2)